000 00993 a2200229 4500
003 Nust
005 20220817131333.0
010 _a 2004065954
020 _a1580537898 (alk. paper)
040 _cNust
082 0 0 _a621.3821,PRA
100 1 _aPrasad, Anand.
_997799
245 1 0 _a802.11 WLANs and IP networking :
_bsecurity, QoS, and mobility /
_cAnand R. Prasad, Neeli R. Prasad.
260 _aBoston :
_bArtech House,
_cc2005.
300 _axxi, 318 p. :
_bill. ;
_c24 cm.
440 4 _aThe Artech House universal personal communications series
_997800
505 _aIntroduction (Page-1), Market and Business Case (Page-33), IEEE 802.11 (Page-49), Security (Page-95), Quality of Service (Page-147), Roaming, Handover and Mobility (Page-187), WLAN Deployment and Mobile Integration (Page-231), Future Generation Communications (Page-273),
650 0 _aIEEE 802.11 (Standard)
_995059
650 0 _aTelecommunication Engineering
700 1 _aPrasad, Neeli.
_997801
942 _cREF
_2ddc
999 _c175711
_d175711